00914nam a2200229 a 4500001001000000003000500010005001700015008004100032010001100073011001100084040000900095100003200104245016600136260004100302500006000343502006900403650004600472650003900518650002900557650002800586856007000614000114956CHAP20220329144505.0180817s2018 mx a sm |||||||spa d a111417 a112389 cCHAP1 aIxmatlahua Coxcahua, Clara.10aValoración de los servicios hidrológicos generados por cuatro sistemas de conservación de suelos forestales /h[En línea]cpor Clara Ixmatlahua Coxcahua. aChapingo, Méx. :bEl autor,c2018. aPara ver el contenido del material haga clic en la liga aTesis (Ing. Forestal) -- UACH. División de Ciencias Forestales14aAgriculturaxInnovaciones tecnológicas.14aErosiónxPrevención y control.14aParcelas experimentales.14aSuelosxConservación. aFinding aiduhttp://10.13.5.2/tesis/sist114956.pdfzTeclea aquí